Οικονομική ανάπτυξη και ευτυχία των πολιτών : ανθρώπινη ανάπτυξη και η θέση της Ελλάδας στον διεθνή χώρο : ενδιάμεση έκθεση

Αποθηκεύτηκε σε:
Λεπτομέρειες βιβλιογραφικής εγγραφής
Κύριος συγγραφέας: Παναγιωτόπουλος, Νίκος, 1963-
Άλλοι συγγραφείς: Καρατζά, Αθηνά, Παπαβασιλείου, Λίλα
Μορφή: Βιβλίο
Γλώσσα:Greek
Δημοσίευση: Αθήνα : Ινστιτούτο Εργασίας Γ.Σ.Ε.Ε., 2020.
Θέματα:
Ετικέτες: Προσθήκη ετικέτας
Δεν υπάρχουν, Καταχωρήστε ετικέτα πρώτοι!

MARC

LEADER 00000cam a2200000 a 4500
001 1/122374
008 201203s2020####gr ||| |||||||||| ||gre||
020 |a 9789607402790 
040 |a GR-MyUa  |b gre  |c GR-MyUa  |e AACR2 
041 0 |a gre 
082 7 |a 338.9495  |2 (23) 
100 1 |a Παναγιωτόπουλος, Νίκος,   |d 1963- 
245 1 0 |a Οικονομική ανάπτυξη και ευτυχία των πολιτών :   |b ανθρώπινη ανάπτυξη και η θέση της Ελλάδας στον διεθνή χώρο : ενδιάμεση έκθεση /   |c Νίκος Παναγιωτόπουλος σε συνεργασία με Αθηνά Καρατζά και τη Λίλα Παπαβασιλείου.  
260 |a Αθήνα :   |b Ινστιτούτο Εργασίας Γ.Σ.Ε.Ε.,   |c 2020.  
300 |a 167 σ. ;   |c 24 εκ.  
504 |a Περιλαμβάνει βιβλιογραφικές παραπομπές και παράρτημα.  
650 0 |a Economic development  |z Greece. 
650 0 |a Economic development  |x Social aspects. 
650 0 |a Economic development  |x Psychological aspects. 
700 1 |a Καρατζά, Αθηνά. 
700 1 |a Παπαβασιλείου, Λίλα. 
852 |a INST  |b LESVOS  |e 20201203  |h 338.9495 ΠΑΝ  |p 005100062189  |q 005100062189  |t BK  |y 0 
920 |a Ινστιτούτο Εργασίας ΓΣΕΕ  |y Λέσβος  |z 2020-10 
970 |a Καμάτσου  |b Δέσποινα  |z 03-12-2020